[Event "Titled Tue 24th Jun Early"]
[Site "chess.com INT"]
[Date "2025.06.24"]
[Round "4"]
[White "Olhovik, Andrei"]
[Black "Storn, Justin"]
[Result "0-1"]
[WhiteTitle "FM"]
[WhiteElo "2282"]
[BlackElo "2073"]
[WhiteFideId "13507397"]
[BlackFideId "30922720"]
[EventDate "2025.06.24"]

1. d4 g6 2. c4 Bg7 3. e4 d6 4. Nc3 Nc6 5. Nge2 e5 6. Be3 f5 7. exf5 gxf5 8. d5
Nce7 9. f4 Nf6 10. Qd2 O-O 11. O-O-O Kh8 12. fxe5 dxe5 13. Bh6 Rg8 14. Bxg7+
Rxg7 15. Ng3 a6 16. c5 b5 17. cxb6 cxb6 18. Qe1 Qd6 19. Be2 Bb7 20. Kb1 Nfxd5
21. Nxd5 Bxd5 22. Bc4 Qe6 23. Bxd5 Nxd5 24. Rf1 f4 25. Ne4 Ne3 26. Qe2 Qg6 27.
Qd3 Rd7 28. Nd6 Rxd6 0-1

[Event "Titled Tue 24th Jun Early"]
[Site "chess.com INT"]
[Date "2025.06.24"]
[Round "4"]
[White "Dighton, Simon"]
[Black "Sabatier, Mathis"]
[Result "1/2-1/2"]
[WhiteTitle "CM"]
[BlackTitle "CM"]
[WhiteElo "2237"]
[BlackElo "2235"]
[WhiteFideId "408603"]
[BlackFideId "26029685"]
[EventDate "2025.06.24"]

1. d4 d5 2. Bf4 Nf6 3. e3 c5 4. c3 Nc6 5. Nd2 e6 6. Ngf3 cxd4 7. exd4 Nh5 8. Bg3
Nxg3 9. hxg3 h6 10. Bd3 Bd6 11. O-O h5 12. Re1 Qf6 13. c4 Nxd4 14. cxd5 Nxf3+
15. Nxf3 Kf8 16. Qb3 h4 17. Nxh4 Rxh4 18. gxh4 Qxh4 19. dxe6 Bxe6 20. Rxe6 fxe6
21. Qxe6 Qh2+ 22. Kf1 Re8 23. Qf5+ Kg8 24. Bc4+ Kh8 25. Qh3+ Qxh3 26. gxh3 Re4
27. Bd5 Rd4 28. Bf3 Rd2 29. Rd1 Rxd1+ 30. Bxd1 Kg8 31. Ke2 Kf7 32. Kf3 Kf6 33.
Ke4 Ke6 34. f4 b6 35. Bg4+ Kf6 36. a4 Bc7 37. Kd5 Bxf4 38. Ke4 Bh2 1/2-1/2

[Event "Titled Tue 24th Jun Early"]
[Site "chess.com INT"]
[Date "2025.06.24"]
[Round "4"]
[White "Swaminathan, Pranav"]
[Black "Toktomushev, Teimur"]
[Result "1-0"]
[BlackTitle "FM"]
[WhiteElo "2113"]
[BlackElo "2390"]
[WhiteFideId "30970482"]
[BlackFideId "14176726"]
[EventDate "2025.06.24"]

1. d4 d5 2. c4 e6 3. Nf3 Nf6 4. g3 Be7 5. Bg2 O-O 6. O-O c6 7. b3 b6 8. Nc3 Ba6
9. Qd3 b5 10. Nd2 bxc4 11. bxc4 Nbd7 12. Qc2 Qa5 13. Re1 Rab8 14. Nb3 Qc7 15. c5
e5 16. e4 exd4 17. Bf4 Qd8 18. Bxb8 dxc3 19. Bd6 Bxd6 20. cxd6 Nxe4 21. Bxe4
dxe4 22. Qxc3 Nf6 23. Qxc6 Bd3 24. Nc5 Bc2 25. Rac1 Qa5 26. Nb7 Qb4 27. d7 Nxd7
28. Qxd7 Ba4 29. Qc7 h5 30. Qc4 Qa3 31. Re3 1-0

[Event "Titled Tue 24th Jun Early"]
[Site "chess.com INT"]
[Date "2025.06.24"]
[Round "4"]
[White "Pournami S"]
[Black "Zozek Salah Mohammed"]
[Result "1-0"]
[WhiteTitle "WCM"]
[BlackTitle "FM"]
[WhiteElo "1749"]
[BlackElo "2205"]
[WhiteFideId "25732439"]
[BlackFideId "4803361"]
[EventDate "2025.06.24"]

1. d4 Nf6 2. c4 c5 3. d5 b5 4. cxb5 a6 5. Nc3 d6 6. e4 g6 7. a4 Bg7 8. h3 O-O 9.
Be2 axb5 10. Bxb5 Ba6 11. Qe2 Qa5 12. Bd2 Qb4 13. Bxa6 Nxa6 14. Nf3 Qxb2 15. O-O
Nb4 16. a5 Nd7 17. Rfb1 Qc2 18. Ne1 Qxc3 19. Bxc3 Bxc3 20. Ra3 Bd4 21. Nc2 Nxc2
22. Qxc2 Rfc8 23. a6 c4 24. Ra4 Ne5 25. Kh2 g5 26. Qd2 Nd3 27. Qxg5+ Kh8 28.
Qxe7 Nxf2 29. a7 Be5+ 30. g3 Nxe4 31. Qxf7 Rf8 32. Qe6 Rf2+ 33. Kg1 Bxg3 34.
Rb8+ Kg7 35. Qe7+ Kg6 36. Qxe4+ Kg7 37. Qg4+ Kf7 38. Qxg3 1-0

[Event "Titled Tue 24th Jun Early"]
[Site "chess.com INT"]
[Date "2025.06.24"]
[Round "4"]
[White "Fronda, Jan Jodilyn"]
[Black "Terletsky, Oleg"]
[Result "1-0"]
[WhiteTitle "WIM"]
[BlackTitle "IM"]
[WhiteElo "2115"]
[BlackElo "2160"]
[WhiteFideId "5204585"]
[BlackFideId "14116774"]
[EventDate "2025.06.24"]

1. e4 e5 2. Nf3 Nc6 3. Bb5 a6 4. Ba4 Nf6 5. d3 b5 6. Bb3 Be7 7. c3 d6 8. Nbd2
O-O 9. Nf1 Na5 10. Bc2 c5 11. h3 Bb7 12. Ng3 Re8 13. O-O Bf8 14. Re1 d5 15. Bg5
Qb6 16. b4 cxb4 17. cxb4 Bxb4 18. Re2 h6 19. Bxf6 Qxf6 20. Rb1 Bc5 21. a4 b4 22.
Nh5 Qg6 23. g4 Rad8 24. exd5 Qd6 25. Nd2 Bxd5 26. Ne4 Bxe4 27. Rxe4 Nc6 28. Bb3
Nd4 29. Bc4 g6 30. Ng3 Kg7 31. Kg2 Re7 32. Rb2 Ne6 33. Bxe6 Rxe6 34. Rc4 Bd4 35.
Rbxb4 Ba7 36. Rb7 Rd7 37. Ne4 Qd5 38. Rxd7 Qxd7 39. Qf3 Qd5 40. Rc7 1-0

[Event "Titled Tue 24th Jun Early"]
[Site "chess.com INT"]
[Date "2025.06.24"]
[Round "4"]
[White "Van Essen, Mark"]
[Black "Alvarado, Carlos"]
[Result "0-1"]
[WhiteTitle "CM"]
[BlackTitle "CM"]
[WhiteElo "2176"]
[BlackElo "2032"]
[WhiteFideId "1012819"]
[BlackFideId "3800555"]
[EventDate "2025.06.24"]

1. e4 c6 2. d4 d5 3. e5 Bf5 4. c3 e6 5. Bd3 Bg6 6. Ne2 Nd7 7. O-O Ne7 8. f4 c5
9. Ng3 Bxd3 10. Qxd3 g6 11. Be3 Nc6 12. Nd2 c4 13. Qe2 b5 14. a3 Be7 15. Nf3 h6
16. Nd2 a5 17. Qf3 Nb6 18. f5 gxf5 19. Nh5 Kd7 20. Kh1 Na4 21. Rab1 Rb8 22. Nf4
Kc7 23. Qh5 Qg8 24. b4 Nxc3 25. Rbc1 axb4 26. axb4 Bxb4 27. Ra1 Kb6 28. Qf3 Ra8
29. Ne2 Ne4 30. Nxe4 dxe4 31. d5+ Kc7 32. d6+ Kd7 33. Qf4 Qg7 34. Bd4 Nxd4 35.
Nxd4 Bc3 36. Nxf5 Qxe5 37. Qe3 Bxa1 38. Qb6 exf5 39. Qc7+ Ke6 40. Qe7+ Kd5 41.
Rd1+ Kc5 42. Qc7+ Kb4 43. Rb1+ Bb2 44. Qb6 c3 0-1

[Event "Titled Tue 24th Jun Early"]
[Site "chess.com INT"]
[Date "2025.06.24"]
[Round "4"]
[White "Pavlidou, Ekaterini"]
[Black "Aarav Sinha"]
[Result "0-1"]
[WhiteTitle "WIM"]
[BlackTitle "FM"]
[WhiteElo "2198"]
[BlackElo "2255"]
[WhiteFideId "4213262"]
[BlackFideId "25674064"]
[EventDate "2025.06.24"]

1. d4 Nf6 2. c4 e6 3. Nc3 Bb4 4. e3 O-O 5. a3 Bxc3+ 6. bxc3 b6 7. Bd3 Bb7 8. f3
d5 9. Ne2 c5 10. O-O Nc6 11. a4 Na5 12. cxd5 exd5 13. Ba3 Rc8 14. Ng3 Re8 15.
Re1 cxd4 16. cxd4 Nc4 17. Bc1 g6 18. Ra2 h5 19. Rae2 Qd7 20. h4 Qd6 21. Nh1 a6
22. Nf2 b5 23. f4 Ne4 24. f5 Nc3 25. Qc2 Nxe2+ 26. Qxe2 bxa4 27. e4 a3 28. e5
Nxe5 29. dxe5 Rxe5 30. Qd1 Rxe1+ 31. Qxe1 Qc5 32. Bh6 a2 33. Qe5 Qc3 0-1

[Event "Titled Tue 24th Jun Early"]
[Site "chess.com INT"]
[Date "2025.06.24"]
[Round "4"]
[White "Goldin, Roman"]
[Black "Garcia Molina, Jose"]
[Result "1-0"]
[WhiteTitle "FM"]
[BlackTitle "FM"]
[WhiteElo "2299"]
[BlackElo "2156"]
[WhiteFideId "2803860"]
[BlackFideId "32030592"]
[EventDate "2025.06.24"]

1. e4 c6 2. d4 d5 3. f3 e6 4. Nc3 Nd7 5. Be3 Bb4 6. Qd2 Ne7 7. a3 Ba5 8. Bd3
dxe4 9. fxe4 e5 10. Nf3 O-O 11. O-O Ng6 12. Rf2 Qe7 13. Raf1 Bc7 14. d5 Bb6 15.
Bc4 Bxe3 16. Qxe3 Qc5 17. Qxc5 Nxc5 18. dxc6 bxc6 19. Ng5 Be6 20. Nxe6 Nxe6 21.
Rxf7 Rxf7 22. Bxe6 Rf8 23. Rf5 Nf4 24. Bxf7+ Rxf7 25. Rxe5 g6 26. g3 Nh3+ 27.
Kg2 Nf2 28. Re6 Ng4 29. Rxc6 Ne3+ 30. Kh3 g5 31. Nd5 Nf1 32. Rf6 h5 33. e5 Nd2
34. e6 Rxf6 35. Nxf6+ Kf8 36. Nxh5 Ke7 37. Kg4 Ne4 1-0

[Event "Titled Tue 24th Jun Early"]
[Site "chess.com INT"]
[Date "2025.06.24"]
[Round "4"]
[White "Agarwal, Amaya"]
[Black "Moreira, Ronaldo Alonso"]
[Result "0-1"]
[WhiteTitle "WCM"]
[WhiteElo "2004"]
[BlackElo "2094"]
[WhiteFideId "48733580"]
[BlackFideId "2110547"]
[EventDate "2025.06.24"]

1. e4 e6 2. d4 d5 3. Nd2 Nc6 4. Ngf3 Nf6 5. e5 Nd7 6. Bd3 f6 7. exf6 Qxf6 8. O-O
Bd6 9. Re1 O-O 10. c4 Nxd4 11. Nxd4 Qxf2+ 12. Kh1 Qxd4 13. Nf3 Qf6 14. Bg5 Qf7
15. cxd5 exd5 16. Qc2 Qh5 17. Bf5 Nb6 18. g4 Bxf5 19. Qxf5 Rxf5 20. gxh5 Rxf3
21. Be7 Bxe7 22. Rxe7 Rf7 23. Rae1 Rxe7 24. Rxe7 Rc8 25. Kg2 Kf8 26. Re2 Re8 27.
Rf2+ Ke7 28. Kf1 Rf8 29. Rxf8 Kxf8 30. Ke2 Ke7 31. Kd3 Kf6 32. Kd2 Kg5 33. Kc2
Kxh5 34. Kb1 Kh4 35. Kc2 Kh3 36. Kd2 Kxh2 37. Ke2 g5 38. Kf2 g4 39. Ke3 g3 40.
Kf4 g2 41. Kg5 g1=Q+ 42. Kh6 Qg6# 0-1

[Event "Titled Tue 24th Jun Early"]
[Site "chess.com INT"]
[Date "2025.06.24"]
[Round "4"]
[White "Dubnevych, Maksym"]
[Black "Kononenko, Dmitry2"]
[Result "1-0"]
[WhiteTitle "FM"]
[BlackTitle "FM"]
[WhiteElo "2296"]
[BlackElo "2205"]
[WhiteFideId "14184001"]
[BlackFideId "14113538"]
[EventDate "2025.06.24"]

1. Nf3 c5 2. b3 Nf6 3. Bb2 e6 4. e3 g6 5. e4 Bg7 6. e5 Nd5 7. c4 Nb4 8. Nc3 d6
9. exd6 O-O 10. a3 N4c6 11. Be2 Qxd6 12. O-O Nd4 13. Nxd4 cxd4 14. Ne4 Qc7 15.
d3 Nc6 16. b4 e5 17. b5 Nd8 18. a4 Bf5 19. Ba3 Bxe4 20. Bxf8 Bxf8 21. dxe4 Ne6
22. g3 Nc5 23. Bd3 Rc8 24. a5 Bd6 25. Qc2 Kg7 26. Rfb1 Qd7 27. Bf1 Qg4 28. Bg2
h5 29. h3 Qg5 30. h4 Qf6 31. Rf1 Rd8 32. Rad1 Ne6 33. b6 a6 34. Rd3 Bb4 35. Qa4
Nc5 36. Qxb4 Nxd3 37. Qa3 Nf4 38. gxf4 Qxf4 39. Qg3 Qf6 40. Qg5 Qe6 41. Qxd8
Qxc4 42. Qd5 1-0

[Event "Titled Tue 24th Jun Early"]
[Site "chess.com INT"]
[Date "2025.06.24"]
[Round "4"]
[White "Essing, Arnold"]
[Black "Shuvalov, Evgenij"]
[Result "0-1"]
[WhiteTitle "FM"]
[WhiteElo "2197"]
[BlackElo "1986"]
[WhiteFideId "4619862"]
[BlackFideId "4187237"]
[EventDate "2025.06.24"]

1. d4 Nf6 2. Nf3 g6 3. c4 Bg7 4. Nc3 d5 5. cxd5 Nxd5 6. Qb3 Nb6 7. e4 O-O 8. d5
e6 9. Be3 exd5 10. exd5 Bxc3+ 11. bxc3 Qxd5 12. Bxb6 Qxb3 13. axb3 cxb6 14.
O-O-O Nc6 15. Nd4 Nxd4 16. Rxd4 Be6 17. Bc4 Bxc4 18. Rxc4 Rac8 19. Rxc8 Rxc8 20.
Kc2 Kf8 21. Rd1 Ke7 22. Rd3 h5 23. h3 Rc5 24. f3 h4 25. Rd4 Rg5 26. Rd2 b5 27.
Re2+ Kd6 28. Kd3 a5 29. Ra2 b6 30. Re2 Re5 31. Rf2 Rd5+ 32. Kc2 Ke5 33. Re2+ Kf4
34. Re4+ Kg3 35. Rg4+ Kh2 36. c4 bxc4 37. bxc4 Rc5 38. Kb3 g5 39. f4 f6 40. fxg5
fxg5 41. Ka4 Rf5 42. Kb3 b5 43. cxb5 Rxb5+ 44. Ka4 Rb4+ 0-1

[Event "Titled Tue 24th Jun Early"]
[Site "chess.com INT"]
[Date "2025.06.24"]
[Round "4"]
[White "Wael Sabry, Mina"]
[Black "Zakin, Ilay"]
[Result "0-1"]
[WhiteTitle "FM"]
[BlackTitle "FM"]
[WhiteElo "2107"]
[BlackElo "2300"]
[WhiteFideId "10670173"]
[BlackFideId "2848279"]
[EventDate "2025.06.24"]

1. Nf3 Nf6 2. g3 c5 3. Bg2 g6 4. O-O Bg7 5. c4 O-O 6. Nc3 Nc6 7. d4 cxd4 8. Nxd4
Qa5 9. Rb1 Qh5 10. Nc2 d6 11. e4 Bg4 12. f3 Be6 13. Ne3 Ne5 14. b3 Bh3 15. Bb2
Bh6 16. Ncd5 Nxd5 17. Nxd5 Rae8 18. Qd4 Bg7 19. Qf2 Nd3 20. Qd2 Nxb2 21. Nf4
Qc5+ 22. Kh1 Bxg2+ 23. Qxg2 e5 24. Nd5 Nd3 25. Qd2 Qd4 26. b4 f5 27. exf5 gxf5
28. Rfd1 Nf2+ 29. Kg2 Nxd1 30. Rxd1 Qxd2+ 31. Rxd2 e4 32. f4 e3 33. Re2 Re4 34.
c5 dxc5 35. bxc5 Bd4 36. Kf3 Rd8 37. Nb4 Bxc5 38. Nc2 Rd2 39. Ne1 Rxe2 40. Kxe2
Ra4 41. Kf3 Rxa2 42. Nd3 Bd4 43. g4 e2 44. gxf5 Rd2 45. Ne1 a5 46. f6 a4 47. f7+
Kxf7 0-1

[Event "Titled Tue 24th Jun Early"]
[Site "chess.com INT"]
[Date "2025.06.24"]
[Round "4"]
[White "Do Nascimento, Davi Alves"]
[Black "Sobek, Jaroslav"]
[Result "1-0"]
[WhiteTitle "CM"]
[BlackTitle "FM"]
[WhiteElo "2054"]
[BlackElo "2195"]
[WhiteFideId "2192950"]
[BlackFideId "301388"]
[EventDate "2025.06.24"]

1. d4 d5 2. c4 dxc4 3. e3 Be6 4. Na3 c5 5. Nxc4 cxd4 6. exd4 Nc6 7. Nf3 Nf6 8.
Be3 g6 9. Qa4 Bg7 10. Nfe5 O-O 11. Nxc6 bxc6 12. Be2 Bd5 13. O-O Nd7 14. Rad1
Nb6 15. Qc2 a5 16. b3 a4 17. b4 a3 18. Rfe1 Nxc4 19. Bxc4 Qb6 20. Bxd5 cxd5 21.
Qc5 Rfb8 22. Rb1 e6 23. Bf4 Rb7 24. Be3 Bf8 25. Qxb6 Rxb6 26. Bd2 Ra4 27. Rb3
Bd6 28. Reb1 h5 29. Kf1 Kg7 30. g3 Rb5 31. Ke2 Kf8 32. Kd3 Ke7 33. h4 Kd7 34. f4
Ra8 35. Rc1 Ra4 36. Rcb1 Ra8 37. Bc1 Kc6 38. Bxa3 Ra4 39. Kc3 Rb7 40. b5+ Kd7
41. Bxd6 Rc4+ 42. Kd3 Kxd6 43. Rb4 Rc8 44. a4 1-0

[Event "Titled Tue 24th Jun Early"]
[Site "chess.com INT"]
[Date "2025.06.24"]
[Round "4"]
[White "Dyulgerov, Volen"]
[Black "Papacek, Stepan"]
[Result "0-1"]
[WhiteTitle "CM"]
[BlackTitle "FM"]
[WhiteElo "2200"]
[BlackElo "2225"]
[WhiteFideId "2918978"]
[BlackFideId "301035"]
[EventDate "2025.06.24"]

1. e4 e6 2. d4 d5 3. Nd2 c5 4. c3 Nc6 5. Ngf3 dxe4 6. Nxe4 cxd4 7. cxd4 Bb4+ 8.
Nc3 Nf6 9. Bd3 O-O 10. O-O b6 11. Bg5 Bb7 12. Ne4 Be7 13. Ng3 h6 14. Be3 Rc8 15.
Qd2 Nb4 16. Bb1 Bxf3 17. gxf3 Qd5 18. a3 Nc6 19. Ne4 Qh5 20. Qd3 Nd5 21. Nd6 f5
22. Nxc8 Rxc8 23. Kg2 Bd6 24. Rh1 Rf8 25. f4 Rf6 26. Ba2 Rg6+ 27. Kf1 Nce7 28.
Ke1 Qf3 29. Kd2 Rg2 30. Rhf1 Nxf4 31. Qe2 Qxe2+ 0-1

[Event "Titled Tue 24th Jun Early"]
[Site "chess.com INT"]
[Date "2025.06.24"]
[Round "4"]
[White "Diachek, Andrii"]
[Black "Troltenier, Dirk"]
[Result "0-1"]
[WhiteTitle "CM"]
[BlackTitle "FM"]
[WhiteElo "2177"]
[BlackElo "2174"]
[WhiteFideId "34106499"]
[BlackFideId "4606400"]
[EventDate "2025.06.24"]

1. c4 e6 2. Nf3 d5 3. g3 Nf6 4. Bg2 c5 5. cxd5 exd5 6. d4 Nc6 7. O-O Be7 8. Nc3
O-O 9. Bg5 cxd4 10. Nxd4 h6 11. Be3 Re8 12. Rc1 Bg4 13. h3 Be6 14. Nxc6 bxc6 15.
Na4 Qd7 16. Nc5 Bxc5 17. Bxc5 Bxh3 18. Bd4 Bxg2 19. Kxg2 Ne4 20. e3 Rac8 21. b4
Ng5 22. Rh1 Qf5 23. f3 Ne6 24. g4 Qg6 25. Bc3 Ng5 26. Qd4 Re6 27. Rce1 Rce8 28.
Rhf1 a6 29. Ba1 f6 30. Qc3 h5 31. gxh5 Qxh5 32. e4 Qh3+ 33. Kg1 Qg3+ 34. Kh1 Kf7
35. exd5 Rh8# 0-1

[Event "Titled Tue 24th Jun Early"]
[Site "chess.com INT"]
[Date "2025.06.24"]
[Round "4"]
[White "Shafer, Logan C"]
[Black "Mitrabha, Guha"]
[Result "0-1"]
[WhiteTitle "CM"]
[BlackTitle "GM"]
[WhiteElo "2217"]
[BlackElo "2515"]
[WhiteFideId "30993342"]
[BlackFideId "5057000"]
[EventDate "2025.06.24"]

1. d4 Nf6 2. c4 c5 3. d5 g6 4. Nc3 Bg7 5. e4 d6 6. Nf3 O-O 7. Bd3 e6 8. O-O exd5
9. cxd5 a6 10. a4 Bg4 11. h3 Bxf3 12. Qxf3 Nbd7 13. Bf4 Qe7 14. Bh2 Rab8 15. Qe2
Ne8 16. Rfe1 Nc7 17. f4 b5 18. axb5 axb5 19. Ra7 Rfc8 20. Nxb5 c4 21. Rxc7 Rxc7
22. Nxc7 cxd3 23. Qxd3 Nc5 24. Qc4 Qxc7 25. b4 Ne6 26. Qxc7 Nxc7 27. e5 Nxd5 28.
exd6 f5 29. d7 Nf6 30. Rd1 Rd8 31. g4 Rxd7 32. Rxd7 Nxd7 33. gxf5 gxf5 34. Kf2
Kf7 35. Ke3 Ke6 36. Kd3 Kd5 37. Bg1 Bf8 38. b5 Bc5 39. Bh2 Nf8 40. Bg3 Ne6 41.
Bh2 Nc7 42. Bg3 Nxb5 43. Bh2 Nc7 44. Bg3 Ne6 45. Bh2 Bd4 46. Bg3 Nc5+ 47. Ke2
Ke4 48. Bh2 Ne6 49. Kf1 Kf3 50. Ke1 Bf2+ 51. Kf1 Nd4 52. h4 Nc2 0-1

[Event "Titled Tue 24th Jun Early"]
[Site "chess.com INT"]
[Date "2025.06.24"]
[Round "4"]
[White "Arakelyan, Manvel"]
[Black "Sahetchian, Armand"]
[Result "1-0"]
[WhiteTitle "FM"]
[BlackTitle "CM"]
[WhiteElo "2326"]
[BlackElo "2024"]
[WhiteFideId "13317415"]
[BlackFideId "607150"]
[EventDate "2025.06.24"]

1. e4 e6 2. d4 d5 3. Nd2 c5 4. exd5 exd5 5. Bb5+ Bd7 6. Bxd7+ Qxd7 7. Ngf3 Qe6+
8. Qe2 Qxe2+ 9. Kxe2 Nc6 10. Re1 O-O-O 11. dxc5 Bxc5 12. Nb3 Bb6 13. Bf4 Nf6 14.
Rad1 h6 15. Nbd4 Ne4 16. Kf1 Rhe8 17. c3 g5 18. Be3 Ne5 19. Nxe5 Rxe5 20. Nc2
Rde8 21. Bxb6 axb6 22. Ne3 Nf6 23. Rd4 Re4 24. Rxe4 dxe4 25. Nf5 Kc7 26. Nxh6
Rh8 27. Nxf7 Rxh2 28. Nxg5 Rh1+ 29. Ke2 Rh5 30. Ne6+ Kd6 31. Nf4 Ra5 32. a3 Ke5
33. g3 Rb5 34. b4 Ng4 35. c4 1-0

[Event "Titled Tue 24th Jun Early"]
[Site "chess.com INT"]
[Date "2025.06.24"]
[Round "4"]
[White "Andersen, Alec"]
[Black "Hartge, Gedeon"]
[Result "0-1"]
[BlackTitle "FM"]
[WhiteElo "2019"]
[BlackElo "2328"]
[WhiteFideId "2096978"]
[BlackFideId "12932116"]
[EventDate "2025.06.24"]

1. d4 d5 2. Bf4 c5 3. e3 Nc6 4. Nf3 cxd4 5. exd4 Bf5 6. c3 e6 7. h3 Bd6 8. Bxd6
Qxd6 9. Bd3 Nge7 10. O-O Bxd3 11. Qxd3 O-O 12. Nbd2 f6 13. Rfe1 Ng6 14. g3 Rae8
15. Kg2 e5 16. dxe5 fxe5 17. Qe2 e4 18. Nd4 Nxd4 19. cxd4 Rf7 20. Rf1 Ref8 21.
Nb3 b6 22. Rac1 Qf6 23. Rc3 Qg5 24. Kh2 h5 25. h4 Qf5 26. Na1 Ne7 27. Nc2 g6 28.
Ne3 Qf6 29. Ng2 Qxd4 30. Nf4 Rxf4 31. gxf4 Rxf4 32. Rg3 Rxh4+ 33. Kg2 Qf6 34.
Rh1 Nf5 35. Rxh4 Nxh4+ 36. Kg1 Nf3+ 37. Kf1 Kh7 38. Qc2 Kh6 39. Qc7 h4 0-1

[Event "Titled Tue 24th Jun Early"]
[Site "chess.com INT"]
[Date "2025.06.24"]
[Round "4"]
[White "Melillo, Lucius"]
[Black "Sturt, Raven"]
[Result "0-1"]
[WhiteTitle "FM"]
[BlackTitle "GM"]
[WhiteElo "2170"]
[BlackElo "2459"]
[WhiteFideId "30958245"]
[BlackFideId "2007304"]
[EventDate "2025.06.24"]

1. d4 f5 2. Bf4 Nf6 3. e3 d6 4. Nc3 Nc6 5. Nf3 g6 6. d5 e5 7. dxe6 Bxe6 8. Nd4
Nxd4 9. Qxd4 Bg7 10. Bb5+ Kf7 11. Qd3 c6 12. Bc4 d5 13. Bb3 c5 14. Qb5 Qb6 15.
Qxb6 axb6 16. a3 c4 17. Ba2 Ra5 18. Ne2 Ne4 19. c3 g5 20. Bg3 Nc5 21. O-O-O Nd3+
22. Kc2 Rb5 23. Rb1 f4 24. exf4 Bf5 25. Nd4 Bxd4 26. cxd4 Nxb2+ 27. Kc3 Na4+ 28.
Kd2 c3+ 29. Ke2 Re8+ 30. Kf3 g4# 0-1

[Event "Titled Tue 24th Jun Early"]
[Site "chess.com INT"]
[Date "2025.06.24"]
[Round "4"]
[White "Nakonechnyi, Oleksii"]
[Black "Izafatava, Kira"]
[Result "1-0"]
[WhiteTitle "CM"]
[BlackTitle "WCM"]
[WhiteElo "2222"]
[BlackElo "2036"]
[WhiteFideId "34173714"]
[BlackFideId "13521705"]
[EventDate "2025.06.24"]

1. e4 c5 2. Nf3 e6 3. c3 Nf6 4. e5 Nd5 5. d4 cxd4 6. cxd4 d6 7. Bc4 Nc6 8. O-O
Be7 9. exd6 Qxd6 10. Nc3 Nxc3 11. bxc3 O-O 12. Re1 Bf6 13. Qa4 e5 14. Ba3 Qc7
15. Bxf8 Kxf8 16. Bb5 exd4 17. cxd4 Be6 18. Bxc6 bxc6 19. Ne5 Bd5 20. Rac1 Kg8
21. Qb4 Rd8 22. Qc5 Bxe5 23. Rxe5 Qd7 24. Rce1 h6 25. Qe7 Qc8 26. Qxd8+ Qxd8 27.
Re8+ Qxe8 28. Rxe8+ Kh7 29. Re7 Bxa2 30. Rxa7 Bd5 31. f3 Kg6 32. Kf2 Kf6 33. Ke3
g6 34. Kd2 Kf5 35. Ke3 h5 36. h4 Kf6 37. g4 Be6 38. Kf4 Bd5 39. Rd7 Ke6 40. Ra7
Kf6 41. Ra8 Be6 42. g5+ Ke7 43. Ke5 Bd5 44. f4 Kd7 45. Ra7+ Ke8 46. Kd6 Kf8 47.
Re7 Bf3 48. Rc7 Ke8 49. Rxc6 Bxc6 50. Kxc6 Ke7 51. d5 Ke8 52. Kc7 1-0

[Event "Titled Tue 24th Jun Early"]
[Site "chess.com INT"]
[Date "2025.06.24"]
[Round "4"]
[White "Hayrapetyan, Edgar"]
[Black "Sarveshwaran V"]
[Result "1-0"]
[WhiteTitle "FM"]
[BlackTitle "CM"]
[WhiteElo "2161"]
[BlackElo "2290"]
[WhiteFideId "13313568"]
[BlackFideId "25699016"]
[EventDate "2025.06.24"]

1. e4 e6 2. d4 d5 3. Nc3 Bb4 4. e5 c5 5. Bd2 a6 6. Nce2 Bxd2+ 7. Qxd2 cxd4 8.
Nxd4 Ne7 9. f4 Nbc6 10. Ngf3 Nxd4 11. Nxd4 Nc6 12. c3 Nxd4 13. Qxd4 Bd7 14. Bd3
b5 15. Kf2 g6 16. Rhf1 h5 17. Kg1 Qc7 18. g3 Rc8 19. Kg2 Qc5 20. Qxc5 Rxc5 21.
Kf2 h4 22. g4 g5 23. f5 exf5 24. gxf5 h3 25. Rg1 f6 26. exf6 Kf7 27. Rxg5 Kxf6
28. Rg6+ Ke5 29. Re1+ Kf4 30. Rg3 Rf8 31. Rf3+ Kg5 32. f6 Bg4 33. Rg1 Kh5 34.
Rf4 Be6 35. Be2+ 1-0

[Event "Titled Tue 24th Jun Early"]
[Site "chess.com INT"]
[Date "2025.06.24"]
[Round "4"]
[White "Martinez, Shawn"]
[Black "Sethuraman, Roshan"]
[Result "0-1"]
[WhiteElo "1921"]
[BlackElo "2074"]
[WhiteFideId "2039770"]
[BlackFideId "30965250"]
[EventDate "2025.06.24"]

1. e4 c5 2. Nc3 d6 3. Bb5+ Nd7 4. a4 Nf6 5. f4 e6 6. Nf3 Be7 7. O-O O-O 8. h3 a6
9. Bc4 b6 10. e5 Ne8 11. exd6 Nxd6 12. Bd3 Bb7 13. b3 Rc8 14. Bb2 Bf6 15. Qe2
Re8 16. Ne5 g6 17. Ne4 Nxe4 18. Bxe4 Bxe4 19. Qxe4 Bg7 20. Nc6 Qc7 21. Bxg7 Kxg7
22. Ne5 Nf6 23. Qe3 Qd6 24. d3 Red8 25. Kh2 Qd4 26. Qg3 Nh5 27. Qh4 Rd5 28. Rae1
Nf6 29. Re2 Rdd8 30. Qe1 Qd6 31. Qf2 Nd5 32. Nc4 Qc7 33. Kh1 b5 34. axb5 axb5
35. Ne5 Qd6 36. g4 Nc3 37. Re3 b4 38. f5 exf5 39. gxf5 Qd5+ 40. Kh2 f6 41. fxg6
Qd6 42. gxh7 fxe5 43. Rg3+ Kh8 44. Qf7 Qh6 0-1

[Event "Titled Tue 24th Jun Early"]
[Site "chess.com INT"]
[Date "2025.06.24"]
[Round "4"]
[White "Durarbayli, Vasif"]
[Black "Sapocinic, Semion"]
[Result "1-0"]
[WhiteTitle "GM"]
[BlackTitle "FM"]
[WhiteElo "2612"]
[BlackElo "2296"]
[WhiteFideId "13402935"]
[BlackFideId "13908693"]
[EventDate "2025.06.24"]

1. e4 e5 2. Nf3 Nc6 3. Bc4 Bc5 4. d3 Nf6 5. c3 d6 6. Bg5 h6 7. Bh4 a5 8. a4 g5
9. Bg3 Bg4 10. Nbd2 Qd7 11. h3 Bh5 12. Qb3 Bb6 13. O-O-O O-O-O 14. Rhe1 Bg6 15.
Bb5 Nh5 16. Nc4 Nxg3 17. fxg3 f5 18. Nxb6+ cxb6 19. Bxc6 bxc6 20. Qxb6 fxe4 21.
dxe4 Qb7 22. Qxa5 Rhe8 23. Nd2 Qc7 24. Qa6+ Qb7 25. Qa5 Qc7 26. Qa6+ Qb7 27.
Qxb7+ Kxb7 28. Rf1 Rf8 29. Rf3 Kc7 30. Rdf1 Rxf3 31. gxf3 d5 32. b4 d4 33. Kc2
Bf7 34. f4 dxc3 35. Kxc3 exf4 36. gxf4 gxf4 37. Rxf4 Be6 38. h4 h5 39. Nf3 Kd6
40. Rf6 Ke7 41. Rh6 Rf8 42. Nd4 Bg4 43. Nxc6+ Kf7 44. a5 Kg7 45. Rd6 Rf3+ 46.
Rd3 Rh3 47. Rxh3 1-0